000 00600nam a2200229Ia 4500
003 OSt
005 20220924152421.0
006 a|||||r|||| 00| 0
007 ta
008 220923b |||||||| |||| 00| 0 mar d
024 _a342446
037 _cTextual
040 _aARTS
_cARTS
_bmar
041 _2mar
_amar
082 _aV2:1940235.K9, 155K3
100 _aPagadi Setumadhav Rao
_9226633
245 0 _aMarathey v aurangzeb
260 _c1963
650 _aHISTORY
942 _hV2:1940235.K9, 155K3
_cTEXL
_2CC
999 _c469777
_d469777